00328pab a2200121 454500008004000000100001500040245008500055260000900140300001500149362001200164650001700176773001300193180718b1978 xxu||||| |||| 00| 0 eng d aSaha, P.K. aWater rate structure for a city of one million people - A case study for Suevala c1978 ap.115-123. aJul-Sep aWater supply aNagarlok